| 000 | 00956nam a2200241 a 4500 | ||
|---|---|---|---|
| 001 | 74024 | ||
| 003 | BD-RjUL | ||
| 005 | 20211209082458.0 | ||
| 008 | 171228s1993 bg p|||| b||| 001 0 ben d | ||
| 020 | _a9840728113 | ||
| 035 | _a(BD-RjUL)74242 | ||
| 040 |
_aBD-RjUL _beng _cBD-RjUL _dBD-RjUL |
||
| 041 | _aben | ||
| 082 |
_223 _a959 _b ANI 1993 |
||
| 100 | 1 |
_aআনসারী, মুসা _9219935 |
|
| 245 | 1 | 0 |
_aইন্দোনেশিয়া ও মালয়েশিয়ার ঐতিহাসিক ক্রমবিকাশ / _cমুসা আনসারী |
| 260 |
_aঢাকা : _bবাংলা একাডেমী, _c১৯৯৩ |
||
| 300 |
_a২৮, ৩৪২ পৃ. : _bচিত্র ; _c২১ সেমি. |
||
| 490 |
_aবাএ _v২৮০২ |
||
| 650 |
_aদক্ষিণ-পূর্ব এশিয়া _vইতিহাস _9219936 |
||
| 650 |
_aSoutheast Asia _vHistory. _9219937 |
||
| 942 |
_2ddc _cBK |
||
| 999 |
_c74024 _d74024 |
||